000 00977nam a2200241 i 4500
001 151680
003 ES-MaACL
005 20251003200109.0
008 931025s1857 sp |||| | spa d
100 0 _aBarrantes Maldonado, Pedro,
_d1510-1579
_925852
245 1 0 _aIlustraciones de la Casa de Niebla y hechos de los Guzmanes, señores de ella /
_cPedro Barrantes Maldonado.
260 _aMadrid :
_bImprenta Nacional,
_c1857.
300 _a2 v. ;
_c23 cm.
490 1 _aMemorial histórico español ;
_v9-10
594 1 _aEditor literario según NUC: Pascual Gayangos.
597 1 _aPág.: 653 p. (v.2)
597 _aTít. tomado de portadilla.
600 1 7 _aGuzman, Enrique,
_cConde de Niebla-
_xGenealogía-
_vBiografías
_2
_9127673
600 1 4 _aMedina Sidonia
_cDuques de.
_9156657
830 0 0 _aMemorial histórico español
_v9-10
_9187759
852 _aES-MaACL
_jC-19314-15
_z-- Enc. hol.
_x-- Edic.: T. I (VIII, 534 p.)
999 _c151680
_d151680